000 00319nam a22001337a 4500
008 170629b xxu||||| |||| 00| 0 eng d
020 _a978039330200
041 _aeng
080 _a82
100 _a22
101 _aGJL
245 _aENGLISH SEVENTH CENTURY VERSE AN ANTHOLOGY
_cSYBESTER.R.S
942 _2udc
_cBK
999 _c19672
_d19672